00611nam a2200205Ia 4500003000400000005001700004008004100021020001500062040001800077041000800095082001900103100002100122245007100143250001200214260003400226300002800260650004700288650003700335650003300372OSt20251011104608.0210716s2001 xx 000 0 und d a8181280520 cAIMIT LIBRARY aeng a005.756 bWHIM aWhitehorn, Mark. aInside relational databases /cBy Mark Whitehorn and Bill Marklyn. a1st ed. aNew Delhi :bSpringer,c2001. axii,345 p.;bPBc25 cm. aSerious problems with single user database aRelatuionships in the real world aMore complex database design